Ley nacional de educación común e instrucción primaria, media y especial : Planes generales.

Guardado en:
Formato: Libro
Idioma:Undetermined
Publicado: Buenos Aires : Poder ejecutivo de la nación, 1939.
Materias:
Etiquetas: Agregar Etiqueta
Sin Etiquetas, Sea el primero en etiquetar este registro!
LEADER 00514nam a22001455a 4500
001 EHU.bham047261
005 20110616142054.0
008 110616s1939####ag############000#0#und#d
245 0 0 |a Ley nacional de educación común e instrucción primaria, media y especial :  |b Planes generales. 
260 |a Buenos Aires :  |b Poder ejecutivo de la nación,  |c 1939. 
300 |a 154 p. 
653 |a Enseñanza 
653 |a Educación 
653 |a Planes educativos 
859 |a AR-BHAM  |b BIB. HUMANIDADES - Donacion Lejarraga  |h MFN001480  |p 001480.19